বিষয়বস্তু এড়িয়ে যান

Анализ ограничительных перечней и списков лекарственных средств в Российской Федерации учебное пособие

Учебное пособие подготовлено на основании рабочих программ, действующего учебного плана, основной образовательной программы высшего образования по специальности 33.05.01 Фармация (г. Уфа, 2021 г.) и в соответствии с требованиями ФГОС ВО 3++ по специальности 33.05.01 Фармация для изучения учебных дис...

সম্পূর্ণ বিবরণ

সংরক্ষণ করুন:
গ্রন্থ-পঞ্জীর বিবরন
প্রধান লেখক: Ибрагимова Г. Я.
অন্যান্য লেখক: Гайсаров А. Х., Хайрзаманова К. А., Ахмадуллина Г. Х.
বিন্যাস: Книга
ভাষা:Russian
প্রকাশিত: Уфа БГМУ 2022
অনলাইন ব্যবহার করুন:https://e.lanbook.com/book/320678
https://e.lanbook.com/img/cover/book/320678.jpg
ট্যাগগুলো: ট্যাগ যুক্ত করুন
কোনো ট্যাগ নেই, প্রথমজন হিসাবে ট্যাগ করুন!
LEADER 02601nam0a2200301 i 4500
001 320678
003 RuSpLAN
005 20240216150941.0
008 240216s2022 ru gs 000 0 rus
040 |a RuSpLAN 
041 0 |a rus 
044 |a ru 
080 |a 615.12:614.27(075.8) 
084 |a 51.1(2Рос),26я7  |2 rubbk 
245 0 0 |a Анализ ограничительных перечней и списков лекарственных средств в Российской Федерации  |b учебное пособие  |c Ибрагимова Г. Я.,Гайсаров А. Х.,Хайрзаманова К. А.,Ахмадуллина Г. Х. 
260 |a Уфа  |b БГМУ  |c 2022 
300 |a 71 с. 
504 |a Библиогр.: доступна в карточке книги, на сайте ЭБС Лань 
520 8 |a Учебное пособие подготовлено на основании рабочих программ, действующего учебного плана, основной образовательной программы высшего образования по специальности 33.05.01 Фармация (г. Уфа, 2021 г.) и в соответствии с требованиями ФГОС ВО 3++ по специальности 33.05.01 Фармация для изучения учебных дисциплин «Управление и экономика фармации» и «Фармакология». В учебном пособии подробно рассмотрены ограничительные перечни и списки лекарственных средств в соответствии с действующими нормативными правовыми актами Российской Федерации. Учебное пособие предназначено для обучающихся по специальности 33.05.01 Фармация (уровень специалитета). В учебном пособии представлены тестовые задания, ситуационные задачи с эталонами ответов. 
521 8 |a Книга из коллекции БГМУ - Медицина 
521 8 |a СЭБ 
100 1 |a Ибрагимова Г. Я. 
700 1 |a Гайсаров А. Х. 
700 1 |a Хайрзаманова К. А. 
700 1 |a Ахмадуллина Г. Х. 
856 4 |u https://e.lanbook.com/book/320678 
856 4 8 |u https://e.lanbook.com/img/cover/book/320678.jpg 
953 |a https://e.lanbook.com/img/cover/book/320678.jpg